| 000 | 00536nam a2200181Ia 4500 | ||
|---|---|---|---|
| 008 | 090630s9999 xx 000 0 und d | ||
| 082 | _b8759 | ||
| 100 | _aप्रीतम अमृता. | ||
| 245 |
_aबंधन. _cप्रीतम अमृता. |
||
| 260 |
_bसदानंद. _c1986 |
||
| 300 | _a143 | ||
| 600 | _aप्रीतम अमृता. | ||
| 630 | _aबंधन. | ||
| 655 | _aकादंबरी. | ||
| 700 | _aप्रीतम अमृता. | ||
| 730 | _aबंधन. | ||
| 942 | _cBOOK | ||
| 999 |
_c260615 _d260615 |
||